<?xml version="1.0" encoding="UTF-8"?>
<record
    xmlns:xsi="http://www.w3.org/2001/XMLSchema-instance"
    xsi:schemaLocation="http://www.loc.gov/MARC21/slim http://www.loc.gov/standards/marcxml/schema/MARC21slim.xsd"
    xmlns="http://www.loc.gov/MARC21/slim">

  <leader>02541nam a22003017a 4500</leader>
  <controlfield tag="001">1626</controlfield>
  <controlfield tag="003">FISKH</controlfield>
  <controlfield tag="005">20230911154642.0</controlfield>
  <controlfield tag="008">230911b        cb ||||| |||| 00| 0 khr d</controlfield>
  <datafield tag="020" ind1=" " ind2=" ">
    <subfield code="a">9789924341345</subfield>
  </datafield>
  <datafield tag="040" ind1=" " ind2=" ">
    <subfield code="a">FISKH </subfield>
    <subfield code="b">eng</subfield>
    <subfield code="c">FISKH </subfield>
    <subfield code="d">FISKH </subfield>
  </datafield>
  <datafield tag="082" ind1=" " ind2=" ">
    <subfield code="a">299.94</subfield>
  </datafield>
  <datafield tag="100" ind1=" " ind2=" ">
    <subfield code="a">Desplechin, Marie </subfield>
  </datafield>
  <datafield tag="245" ind1=" " ind2=" ">
    <subfield code="a">&#x1780;&#x17BC;&#x1793;&#x1792;&#x17D2;&#x1798;&#x1794;&#x17CB; &#x1794;&#x17C3;&#x178F;&#x1784; / </subfield>
    <subfield code="c">&#x1794;&#x1780;&#x1794;&#x17D2;&#x179A;&#x17C2;&#x1796;&#x17B8;&#x1797;&#x17B6;&#x179F;&#x17B6;&#x1794;&#x17B6;&#x179A;&#x17B6;&#x17C6;&#x178A;&#x17C4;&#x1799; &#x1796;&#x17D2;&#x179A;&#x17BB;&#x17C6; &#x1782;&#x1793;&#x17D2;&#x1792;&#x17B6;&#x179A;&#x17C9;&#x17BC; - &#x179A;&#x17BC;&#x1794;&#x1797;&#x17B6;&#x1796;&#x1780;&#x17D2;&#x179A;&#x1794;&#x178A;&#x17C4;&#x1799; &#x179F;&#x17C1;&#x1784; &#x179C;&#x17B7;&#x179F;&#x17BB;&#x1791;&#x17D2;&#x1792; </subfield>
  </datafield>
  <datafield tag="260" ind1=" " ind2=" ">
    <subfield code="a">Paris : </subfield>
    <subfield code="b">Sipar, </subfield>
    <subfield code="c">2021. </subfield>
  </datafield>
  <datafield tag="300" ind1=" " ind2=" ">
    <subfield code="a">130 pages : </subfield>
    <subfield code="b">illustrations ; </subfield>
    <subfield code="c">19 cm</subfield>
  </datafield>
  <datafield tag="490" ind1=" " ind2=" ">
    <subfield code="a">&#x17A2;&#x1780;&#x17D2;&#x179F;&#x179F;&#x17B7;&#x179B;&#x17D2;&#x1794;&#x17CD;&#x1799;&#x17BB;&#x179C;&#x179C;&#x17D0;&#x1799;</subfield>
  </datafield>
  <datafield tag="505" ind1=" " ind2=" ">
    <subfield code="a">Z'
</subfield>
  </datafield>
  <datafield tag="520" ind1=" " ind2=" ">
    <subfield code="a">&#x17A2;&#x17B6;&#x1799;&#x17BB;&#x17E1;&#x17E1;&#x1786;&#x17D2;&#x1793;&#x17B6;&#x17C6;&#x1791;&#x17C5;&#x17A0;&#x17BE;&#x1799; &#x1794;&#x17C3;&#x178F;&#x1784;&#x1787;&#x17B6;&#x1780;&#x17D2;&#x1798;&#x17C1;&#x1784;&#x179F;&#x17D2;&#x179A;&#x17B8;&#x17C6;&#x1798;&#x17D2;&#x1793;&#x17B6;&#x1780;&#x17CB;&#x178A;&#x17C2;&#x179B;&#x1782;&#x17D2;&#x1798;&#x17B6;&#x1793;&#x1794;&#x1784;&#x17D2;&#x17A0;&#x17B6;&#x1789;&#x179F;&#x1789;&#x17D2;&#x1789;&#x17B6;&#x178E;&#x1787;&#x17B6;&#x1792;&#x17D2;&#x1798;&#x1794;&#x17CB;&#x17A2;&#x17D2;&#x179C;&#x17B8;&#x1791;&#x17C1;&#x17D4; &#x1780;&#x17B6;&#x1793;&#x17CB;&#x178F;&#x17C2;&#x1799;&#x17C9;&#x17B6;&#x1794;&#x17CB;&#x1787;&#x17B6;&#x1784;&#x1793;&#x17C1;&#x17C7;&#x1791;&#x17C5;&#x1791;&#x17C0;&#x178F; &#x1793;&#x17B6;&#x1784;&#x1798;&#x17B7;&#x1793;&#x1785;&#x1784;&#x17CB;&#x1780;&#x17D2;&#x179B;&#x17B6;&#x1799;&#x1787;&#x17B6;&#x1792;&#x17D2;&#x1798;&#x1794;&#x17CB;&#x1791;&#x17B6;&#x179B;&#x17CB;&#x178F;&#x17C2;&#x179F;&#x17C4;&#x17C7; &#x1782;&#x17BA;&#x1793;&#x17B6;&#x1784;&#x1785;&#x1784;&#x17CB;&#x1792;&#x17D2;&#x179C;&#x17BE;&#x1787;&#x17B6;&#x1780;&#x17D2;&#x1798;&#x17C1;&#x1784;&#x179F;&#x17D2;&#x179A;&#x17B8;&#x1792;&#x17D2;&#x1798;&#x17D2;&#x1798;&#x178F;&#x17B6; &#x17A0;&#x17BE;&#x1799;&#x179A;&#x17C0;&#x1794;&#x1780;&#x17B6;&#x179A;&#x1796;&#x17C1;&#x179B;&#x1792;&#x17C6;&#x17A1;&#x17BE;&#x1784;&#x17D4; &#x1798;&#x17D2;&#x178A;&#x17B6;&#x1799;&#x179A;&#x1794;&#x179F;&#x17CB;&#x1794;&#x17C3;&#x178F;&#x1784;&#x1788;&#x17D2;&#x1798;&#x17C4;&#x17C7;&#x17A2;&#x17C0;&#x179F;&#x17CA;&#x17B8;&#x179B; &#x1787;&#x17B6;&#x1798;&#x1793;&#x17BB;&#x179F;&#x17D2;&#x179F;&#x1785;&#x1785;&#x17C1;&#x179F;&#x178E;&#x17B6;&#x179F;&#x17CB;&#x17D4; &#x1782;&#x17B6;&#x178F;&#x17CB;&#x179F;&#x1798;&#x17D2;&#x179A;&#x17C1;&#x1785;&#x17B3;&#x17D2;&#x1799;&#x1793;&#x17B6;&#x1784;&#x1791;&#x17C5;&#x179A;&#x17C0;&#x1793;&#x17A2;&#x17D2;&#x179C;&#x17B8;&#x1787;&#x17B6;&#x1792;&#x17D2;&#x1798;&#x1794;&#x17CB; &#x1796;&#x17B8;&#x1798;&#x17D2;&#x178A;&#x17B6;&#x1799;&#x1782;&#x17B6;&#x178F;&#x17CB; &#x1788;&#x17D2;&#x1798;&#x17C4;&#x17C7;&#x17A2;&#x17B6;&#x178E;&#x17B6;&#x179F;&#x17D2;&#x178F;&#x17B6;&#x1794;&#x17BB;&#x178F;&#x17D4; &#x1787;&#x17B6;&#x179B;&#x1791;&#x17D2;&#x1792;&#x1795;&#x179B; &#x1794;&#x17C3;&#x178F;&#x1784;&#x1794;&#x17B6;&#x1793;&#x1780;&#x17D2;&#x179B;&#x17B6;&#x1799;&#x178A;&#x17BC;&#x1785;&#x17A2;&#x17D2;&#x179C;&#x17B8;&#x178A;&#x17C2;&#x179B;&#x1798;&#x17D2;&#x178A;&#x17B6;&#x1799;&#x1793;&#x17B6;&#x1784;&#x1785;&#x1784;&#x17CB;&#x1794;&#x17B6;&#x1793; &#x178F;&#x17C2;&#x179C;&#x17B6;&#x1780;&#x17CF;&#x1787;&#x17D2;&#x179A;&#x17BB;&#x179B;&#x1794;&#x1793;&#x17D2;&#x178F;&#x17B7;&#x1785;&#x178A;&#x17C2;&#x179A;&#x17D4; </subfield>
  </datafield>
  <datafield tag="520" ind1=" " ind2=" ">
    <subfield code="a">At the age of 11, Baitong is a young girl who shows no signs of being a witch. Worse, she did not want to be a witch at all, she wanted to be a normal girl and get married when she grew up. Baitong's mother, Easil, is a very stubborn person. She decides to send her to learn witchcraft from her mother, Anna Stabut. As a result, the Baitong turned out to be what her mother wanted, but it was a bit too much.</subfield>
  </datafield>
  <datafield tag="521" ind1="8" ind2=" ">
    <subfield code="a">920
</subfield>
    <subfield code="b">Lexile estimate
</subfield>
  </datafield>
  <datafield tag="521" ind1="8" ind2=" ">
    <subfield code="a">Z'
</subfield>
    <subfield code="b">Raz-Plus
</subfield>
  </datafield>
  <datafield tag="650" ind1=" " ind2=" ">
    <subfield code="a">&#x1792;&#x1798;&#x17D2;&#x1798;&#x178F;&#x17B6; </subfield>
    <subfield code="v">&#x179F;&#x1789;&#x17D2;&#x1789;&#x17B6; </subfield>
    <subfield code="x">&#x179C;&#x17B7;&#x1787;&#x17D2;&#x1787;&#x17B6;&#x1792;&#x17D2;&#x1798;&#x1794;&#x17CB; </subfield>
    <subfield code="y">&#x1792;&#x17D2;&#x1798;&#x1794;&#x17CB; </subfield>
  </datafield>
  <datafield tag="650" ind1=" " ind2=" ">
    <subfield code="a">Normal </subfield>
    <subfield code="v">Sign </subfield>
    <subfield code="x">Witchcraft </subfield>
    <subfield code="y">Witch </subfield>
  </datafield>
  <datafield tag="700" ind1=" " ind2=" ">
    <subfield code="a">Kunthearo, Prum </subfield>
    <subfield code="d">Translator </subfield>
  </datafield>
  <datafield tag="700" ind1=" " ind2=" ">
    <subfield code="a">Visoth, Seng </subfield>
    <subfield code="e">illustrator </subfield>
  </datafield>
  <datafield tag="942" ind1=" " ind2=" ">
    <subfield code="2">ddc</subfield>
    <subfield code="c">KHB</subfield>
    <subfield code="n">0</subfield>
  </datafield>
  <datafield tag="999" ind1=" " ind2=" ">
    <subfield code="c">1626</subfield>
    <subfield code="d">1626</subfield>
  </datafield>
  <datafield tag="952" ind1=" " ind2=" ">
    <subfield code="0">0</subfield>
    <subfield code="1">0</subfield>
    <subfield code="2">ddc</subfield>
    <subfield code="4">0</subfield>
    <subfield code="7">0</subfield>
    <subfield code="8">KH</subfield>
    <subfield code="a">001</subfield>
    <subfield code="b">001</subfield>
    <subfield code="c">KHRS</subfield>
    <subfield code="d">2023-09-11</subfield>
    <subfield code="l">1</subfield>
    <subfield code="o">Des 299.94</subfield>
    <subfield code="p">2023-0568</subfield>
    <subfield code="q">2026-04-15</subfield>
    <subfield code="r">2026-04-01 08:19:03</subfield>
    <subfield code="s">2026-04-01</subfield>
    <subfield code="t">1</subfield>
    <subfield code="w">2023-09-11</subfield>
    <subfield code="y">KHB</subfield>
  </datafield>
  <datafield tag="952" ind1=" " ind2=" ">
    <subfield code="0">0</subfield>
    <subfield code="1">0</subfield>
    <subfield code="2">ddc</subfield>
    <subfield code="4">0</subfield>
    <subfield code="7">0</subfield>
    <subfield code="8">KH</subfield>
    <subfield code="a">001</subfield>
    <subfield code="b">001</subfield>
    <subfield code="c">KHRS</subfield>
    <subfield code="d">2023-09-11</subfield>
    <subfield code="l">0</subfield>
    <subfield code="o">Des 299.94</subfield>
    <subfield code="p">2023-0569</subfield>
    <subfield code="r">2023-09-11 15:46:38</subfield>
    <subfield code="t">2</subfield>
    <subfield code="w">2023-09-11</subfield>
    <subfield code="y">KHB</subfield>
  </datafield>
</record>
